[Event "Skakliga 2007-08"]
[Site "Denmark"]
[Date "2008.04.13"]
[Round "9.2"]
[White "Smith, Axel"]
[Black "Rasmussen, Karsten"]
[Result "1/2-1/2"]
[WhiteElo "2384"]
[BlackElo "2493"]
[PlyCount "122"]
[EventDate "2007.11.10"]
[EventType "team-tourn"]
[EventRounds "9"]
[EventCountry "DEN"]
[Source "ChessBase"]
[SourceDate "2003.11.25"]
[WhiteTeam "K41"]
[BlackTeam "Aarhus/Skolerne"]
[WhiteTeamCountry "DEN"]
[BlackTeamCountry "DEN"]

1. e4 c6 2. d4 d5 3. Nc3 dxe4 4. Nxe4 Bf5 5. Ng3 Bg6 6. h4 h6 7. Nf3 Nd7 8. h5
Bh7 9. Bd3 Bxd3 10. Qxd3 e6 11. Bf4 Qa5+ 12. Bd2 Bb4 13. c3 Be7 14. c4 Qc7 15.
d5 cxd5 16. cxd5 Qd6 17. Bc3 Ngf6 18. O-O-O Qxd5 19. Qxd5 Nxd5 20. Bxg7 Rh7 21.
Bd4 Bf6 22. Ne4 Bxd4 23. Nxd4 Ke7 24. Rhe1 N7f6 25. Nf5+ Kf8 26. Nxf6 Nxf6 27.
Ne3 Rg7 28. Rd4 Nxh5 29. Rh1 Rg5 30. g4 Nf6 31. Rxh6 Rc8+ 32. Kd2 Ke7 33. Rh1
Rgc5 34. Rd1 b5 35. Ke2 a5 36. b4 axb4 37. Rxb4 Ra8 38. Rd2 Ne8 39. Rbd4 Rc7
40. Re4 Kf6 41. Rf4+ Ke7 42. Re4 Kf8 43. Re5 Rca7 44. Rxb5 Rxa2 45. Rbb2 Rxb2
46. Rxb2 Ra4 47. f3 Kg7 48. Rc2 Nd6 49. Rd2 Nc4 50. Nxc4 Rxc4 51. Ke3 Kf6 52.
Rd4 Rc3+ 53. Kf2 Kg5 54. Kg3 f5 55. gxf5 Kxf5 56. Rf4+ Ke5 57. Re4+ Kf5 58.
Rf4+ Kg5 59. Rg4+ Kf6 60. Rf4+ Ke5 61. Re4+ Kf5 1/2-1/2

[Event "Skakliga 2007-08"]
[Site "Denmark"]
[Date "2008.04.13"]
[Round "9.3"]
[White "Sorensen, Jan"]
[Black "Ost Hansen, Jacob"]
[Result "1-0"]
[WhiteElo "2423"]
[BlackElo "2415"]
[PlyCount "59"]
[EventDate "2007.11.10"]
[EventType "team-tourn"]
[EventRounds "9"]
[EventCountry "DEN"]
[Source "ChessBase"]
[SourceDate "2003.11.25"]
[WhiteTeam "Aarhus/Skolerne"]
[BlackTeam "K41"]
[WhiteTeamCountry "DEN"]
[BlackTeamCountry "DEN"]

1. e4 c5 2. Nf3 e6 3. d4 cxd4 4. Nxd4 Nc6 5. Nc3 a6 6. Be3 Nge7 7. Nb3 b6 8. f4
Bb7 9. Qd2 Nc8 10. O-O-O Qc7 11. g4 Be7 12. Bg2 b5 13. e5 d6 14. Qf2 dxe5 15.
f5 O-O 16. g5 b4 17. Ne4 exf5 18. Qxf5 Rd8 19. Nf6+ Bxf6 20. gxf6 Nd6 21. Qf2
Ne8 22. Bb6 Rxd1+ 23. Rxd1 Qc8 24. fxg7 Rb8 25. Bd5 Qd7 26. Nc5 Qe7 27. Ne4
Kxg7 28. Bc5 Qc7 29. Rg1+ Kh8 30. Qg3 1-0

[Event "Skakliga 2007-08"]
[Site "Denmark"]
[Date "2008.04.13"]
[Round "9.4"]
[White "Greger, Roland Reinhard"]
[Black "Rasmussen, Casper Dahl"]
[Result "1/2-1/2"]
[WhiteElo "2359"]
[BlackElo "2368"]
[PlyCount "89"]
[EventDate "2007.11.10"]
[EventType "team-tourn"]
[EventRounds "9"]
[EventCountry "DEN"]
[Source "ChessBase"]
[SourceDate "2003.11.25"]
[WhiteTeam "K41"]
[BlackTeam "Aarhus/Skolerne"]
[WhiteTeamCountry "DEN"]
[BlackTeamCountry "DEN"]

1. e4 e5 2. Nf3 Nf6 3. Nxe5 d6 4. Nf3 Nxe4 5. Nc3 Nxc3 6. dxc3 Be7 7. Bf4 Nd7
8. Qd2 O-O 9. Bd3 Nc5 10. h3 Bf6 11. O-O-O Bd7 12. Nd4 Re8 13. Rhe1 Rxe1 14.
Rxe1 Bxd4 15. cxd4 Nxd3+ 16. Qxd3 Qf6 17. Qe4 h6 18. Be3 c6 19. Qf4 Qe6 20. b3
Qd5 21. Bd2 Be6 22. g4 a5 23. Qe4 Qb5 24. c4 Qb6 25. Bc3 Re8 26. Qc2 Rc8 27. f4
a4 28. f5 Bd7 29. Re7 Qd8 30. Qe2 axb3 31. axb3 Kf8 32. Re3 Qg5 33. Bd2 Qf6 34.
Bc3 Qg5 35. Kb2 Re8 36. Rxe8+ Bxe8 37. Bb4 Qf4 38. Qe5 Qxe5 39. dxe5 c5 40. Bc3
dxe5 41. Bxe5 Bc6 42. Bd6+ Ke8 43. Bxc5 Bg2 44. h4 f6 45. Be3 1/2-1/2

[Event "Skakliga 2007-08"]
[Site "Denmark"]
[Date "2008.04.13"]
[Round "9.5"]
[White "Boe, Mads"]
[Black "Semcesen, Daniel"]
[Result "1-0"]
[WhiteElo "2355"]
[BlackElo "2346"]
[PlyCount "101"]
[EventDate "2007.11.10"]
[EventType "team-tourn"]
[EventRounds "9"]
[EventCountry "DEN"]
[Source "ChessBase"]
[SourceDate "2003.11.25"]
[WhiteTeam "Aarhus/Skolerne"]
[BlackTeam "K41"]
[WhiteTeamCountry "DEN"]
[BlackTeamCountry "DEN"]

1. e4 d6 2. d4 Nf6 3. Nc3 Nbd7 4. Be3 e5 5. f3 Be7 6. Qd2 O-O 7. Nge2 a6 8.
O-O-O b5 9. g4 Nb6 10. Ng3 b4 11. Nb1 exd4 12. Bxd4 c5 13. Bf2 Re8 14. g5 Nfd7
15. f4 Bb7 16. Bg2 Bf8 17. h4 Qc7 18. h5 d5 19. e5 Nc4 20. Qe2 Qa5 21. b3 Qxa2
22. bxc4 dxc4 23. Be1 c3 24. Bxc3 bxc3 25. Nxc3 Qa3+ 26. Kd2 Bxg2 27. Qxg2 Rad8
28. Nge4 Nxe5+ 29. Ke2 Rxd1 30. Rxd1 Nc4 31. Qf3 Nd6 32. Kf2 Nxe4+ 33. Nxe4 Qa4
34. Re1 Qxc2+ 35. Re2 Qa4 36. h6 Kh8 37. Kg3 Qd4 38. hxg7+ Bxg7 39. f5 Qg1+ 40.
Kh3 Bd4 41. f6 a5 42. Ng3 Rg8 43. Re7 Qc1 44. Ne4 Rf8 45. Nd6 Qc3 46. Nxf7+ Kg8
47. Nh6+ Kh8 48. Qxc3 Bxc3 49. Rg7 Bb4 50. Rg8+ Rxg8 51. Nf7# 1-0

[Event "Skakliga 2007-08"]
[Site "Denmark"]
[Date "2008.04.13"]
[Round "9.6"]
[White "Olesen, Martin"]
[Black "Jacobsen, Bo"]
[Result "0-1"]
[WhiteElo "2295"]
[BlackElo "2317"]
[PlyCount "80"]
[EventDate "2007.11.10"]
[EventType "team-tourn"]
[EventRounds "9"]
[EventCountry "DEN"]
[Source "ChessBase"]
[SourceDate "2003.11.25"]
[WhiteTeam "K41"]
[BlackTeam "Aarhus/Skolerne"]
[WhiteTeamCountry "DEN"]
[BlackTeamCountry "DEN"]

1. e4 g6 2. Nc3 Bg7 3. g3 d6 4. Bg2 Nc6 5. d3 Bd7 6. f4 Qc8 7. Nf3 Nd4 8. Nxd4
Bxd4 9. Ne2 Bg7 10. Ng1 e5 11. c3 exf4 12. Bxf4 Nf6 13. Qd2 O-O 14. O-O-O Be6
15. Bh6 Bxa2 16. Bxg7 Kxg7 17. c4 a5 18. Qc3 a4 19. Rf1 Qe6 20. Nf3 Ra6 21. h4
Kg8 22. Ng5 Qe5 23. Rxf6 Qxg3 24. Qd2 a3 25. Rhf1 Bxc4 26. R6f3 axb2+ 27. Qxb2
Qxh4 28. Nxh7 Qxh7 29. dxc4 Rfa8 30. Rxf7 Qh6+ 31. Kb1 Rb6 32. Qxb6 cxb6 33. e5
Qd2 34. Bd5 Qb4+ 35. Kc2 Ra2+ 36. Kd3 Qd2+ 37. Ke4 Qe2+ 38. Kd4 dxe5+ 39. Kc3
Ra3+ 40. Kb4 Qb2# 0-1

[Event "Skakliga 2007-08"]
[Site "Denmark"]
[Date "2008.04.13"]
[Round "9.7"]
[White "Christensen, Tobias"]
[Black "Naes, Flovin Tor"]
[Result "1-0"]
[WhiteElo "2321"]
[BlackElo "2243"]
[PlyCount "81"]
[EventDate "2007.11.10"]
[EventType "team-tourn"]
[EventRounds "9"]
[EventCountry "DEN"]
[Source "ChessBase"]
[SourceDate "2003.11.25"]
[WhiteTeam "Aarhus/Skolerne"]
[BlackTeam "K41"]
[WhiteTeamCountry "DEN"]
[BlackTeamCountry "DEN"]

1. c4 Nf6 2. g3 g6 3. b3 c5 4. Bb2 Bg7 5. Bg2 O-O 6. e4 d6 7. d4 Nfd7 8. Ne2
Nc6 9. Qd2 e5 10. dxc5 dxc5 11. Nbc3 Nd4 12. O-O Nf6 13. Rad1 Bh3 14. f3 Bxg2
15. Kxg2 Qa5 16. Nd5 Qxd2 17. Rxd2 Nxd5 18. Bxd4 cxd4 19. cxd5 Rac8 20. f4 Bh6
21. g4 f6 22. g5 fxg5 23. fxe5 g4 24. Rxd4 Bg7 25. Rxf8+ Kxf8 26. Rc4 Rxc4 27.
bxc4 Bxe5 28. Nc1 Ke7 29. Nd3 Bc3 30. e5 b6 31. a4 a5 32. Kg3 h5 33. Kf4 Bd2+
34. Ke4 h4 35. d6+ Ke8 36. e6 g3 37. hxg3 hxg3 38. Kf3 Bb4 39. d7+ Ke7 40. Ne5
Bd6 41. Nc6+ 1-0

[Event "Skakliga 2007-08"]
[Site "Denmark"]
[Date "2008.04.13"]
[Round "9.8"]
[White "Clausen, Steen"]
[Black "Pedersen, Finn"]
[Result "0-1"]
[WhiteElo "2240"]
[BlackElo "2262"]
[PlyCount "74"]
[EventDate "2007.11.10"]
[EventType "team-tourn"]
[EventRounds "9"]
[EventCountry "DEN"]
[Source "ChessBase"]
[SourceDate "2003.11.25"]
[WhiteTeam "K41"]
[BlackTeam "Aarhus/Skolerne"]
[WhiteTeamCountry "DEN"]
[BlackTeamCountry "DEN"]

1. d4 d5 2. Nf3 Bf5 3. c4 e6 4. Nc3 c6 5. e3 Nf6 6. Qb3 Qb6 7. Qxb6 axb6 8. Nh4
Bc2 9. Kd2 Bg6 10. Nxg6 hxg6 11. Be2 g5 12. f3 Bd6 13. h3 dxc4 14. Bxc4 e5 15.
Ke2 b5 16. Bb3 Nbd7 17. Rd1 b4 18. Ne4 Nxe4 19. fxe4 Nf6 20. Kf3 Rh4 21. Bc2
g4+ 22. hxg4 Rxg4 23. Bd2 exd4 24. exd4 Rg3+ 25. Kf2 Ng4+ 26. Kg1 f6 27. Be1
Re3 28. Bd2 Re2 29. e5 fxe5 30. Bd3 Rf2 31. Bg6+ Ke7 32. Bh5 Rxd2 33. Rxd2 Nf6
34. Bd1 exd4 35. Bb3 Bf4 36. Re1+ Be3+ 37. Kh2 Rh8+ 0-1

[Event "Skakliga 2007-08"]
[Site "Denmark"]
[Date "2008.04.13"]
[Round "9.1"]
[White "Hansen, Sune Berg"]
[Black "Rasmussen, Allan Stig"]
[Result "1-0"]
[WhiteElo "2567"]
[BlackElo "2475"]
[PlyCount "61"]
[EventDate "2007.11.10"]
[EventType "team-tourn"]
[EventRounds "9"]
[EventCountry "DEN"]
[Source "ChessBase"]
[SourceDate "2003.11.25"]
[WhiteTeam "Helsingor"]
[BlackTeam "Jetsmark"]
[WhiteTeamCountry "DEN"]
[BlackTeamCountry "DEN"]

1. e4 c6 2. d4 d5 3. exd5 cxd5 4. c4 Nf6 5. Nc3 e6 6. Nf3 Be7 7. cxd5 Nxd5 8.
Bc4 Nc6 9. O-O O-O 10. Re1 a6 11. Bb3 Nf6 12. Bg5 Na5 13. Bc2 b5 14. d5 h6 15.
Bf4 exd5 16. Qd3 Nc6 17. Bc7 Qd7 18. Ne5 Nxe5 19. Bxe5 g6 20. Bxf6 Bxf6 21.
Nxd5 Qc6 22. Qf3 Kg7 23. Be4 Rb8 24. Qg3 Rb6 25. Rac1 Qd6 26. Nxb6 Qxb6 27.
Red1 Bxb2 28. Rc6 Rd8 29. Qb3 Rxd1+ 30. Qxd1 Qb8 31. Qc2 1-0

[Event "Skakliga 2007-08"]
[Site "Denmark"]
[Date "2008.04.13"]
[Round "9.2"]
[White "Glud, Jakob Vang"]
[Black "Mortensen, Erling"]
[Result "1-0"]
[WhiteElo "2468"]
[BlackElo "2456"]
[PlyCount "117"]
[EventDate "2007.11.10"]
[EventType "team-tourn"]
[EventRounds "9"]
[EventCountry "DEN"]
[Source "ChessBase"]
[SourceDate "2003.11.25"]
[WhiteTeam "Jetsmark"]
[BlackTeam "Helsingor"]
[WhiteTeamCountry "DEN"]
[BlackTeamCountry "DEN"]

1. c4 g6 2. g3 Bg7 3. Bg2 Nf6 4. Nc3 O-O 5. d3 c6 6. e4 d6 7. Nge2 a6 8. O-O b5
9. h3 Nbd7 10. Be3 Bb7 11. Rc1 e5 12. b4 d5 13. exd5 cxd5 14. c5 Qc7 15. d4 e4
16. Nf4 g5 17. Nh5 Nxh5 18. Qxh5 h6 19. c6 Qxc6 20. Nxe4 Qb6 21. Nc5 Nf6 22.
Qf3 Rae8 23. Rc2 Bc8 24. Rfc1 Qd6 25. Nd3 Bd7 26. Ne5 Ne4 27. Nxd7 Qxd7 28. Rc7
Qd8 29. g4 Re7 30. R7c6 f5 31. gxf5 Ref7 32. Qg4 Qe7 33. Rc8 Nf6 34. Qg3 Qxb4
35. h4 g4 36. Qe5 Kh7 37. Rxf8 Qxf8 38. Qe6 a5 39. Rc8 Qe7 40. Bxd5 Qd7 41.
Qxf7 Qxc8 42. Bxh6 Qf8 43. Bg5 Qxf7 44. Bxf7 Ne4 45. Be3 Bh6 46. Kg2 b4 47.
Bxh6 Kxh6 48. f3 Kg7 49. Be6 gxf3+ 50. Kxf3 Nc3 51. Ke3 Nb5 52. Bd7 Nd6 53. Kf4
Kf6 54. h5 Nf7 55. d5 Nh6 56. Ke4 Ke7 57. Be6 a4 58. Kd4 Kd6 59. f6 1-0

[Event "Skakliga 2007-08"]
[Site "Denmark"]
[Date "2008.04.13"]
[Round "9.3"]
[White "Nielsen, Nicholas Roland"]
[Black "Pedersen, Christian Kyndel"]
[Result "1/2-1/2"]
[WhiteElo "2219"]
[BlackElo "2406"]
[PlyCount "108"]
[EventDate "2007.11.10"]
[EventType "team-tourn"]
[EventRounds "9"]
[EventCountry "DEN"]
[Source "ChessBase"]
[SourceDate "2003.11.25"]
[WhiteTeam "Helsingor"]
[BlackTeam "Jetsmark"]
[WhiteTeamCountry "DEN"]
[BlackTeamCountry "DEN"]

1. e4 c6 2. d4 d5 3. e5 Bf5 4. Nf3 e6 5. Be2 Nd7 6. Nbd2 Bb4 7. O-O Ba5 8. c4
Ne7 9. cxd5 cxd5 10. Nb3 Bb6 11. Be3 O-O 12. Rc1 Bg6 13. Nh4 Nf5 14. Nxf5 Bxf5
15. Bd3 Bg6 16. f4 f6 17. Bxg6 hxg6 18. Qd3 Kf7 19. Bd2 a5 20. Kh1 a4 21. Na1
Nb8 22. Nc2 Nc6 23. Bc3 Qd7 24. g4 f5 25. Rg1 Rh8 26. Rg2 Rh7 27. Rcg1 Kg8 28.
gxf5 gxf5 29. Ne1 Bd8 30. Nf3 Be7 31. Rg3 Nd8 32. Qf1 Qe8 33. Rg6 Qf7 34. Qb5
Kh8 35. Ba5 Bf8 36. Bxd8 Rxd8 37. Qxa4 Rh6 38. Rxh6+ gxh6 39. Qc2 Kh7 40. Qg2
Be7 41. Qh3 Rc8 42. Ng5+ Bxg5 43. fxg5 Qg6 44. gxh6 Qxh6 45. Qb3 Rc7 46. Qb6
Rd7 47. Qb5 Rg7 48. Rxg7+ Qxg7 49. Qd3 Qg4 50. a4 Qh4 51. b3 Kh8 52. Qe3 Qh5
53. Kg2 Qg4+ 54. Kf2 Qh4+ 1/2-1/2

[Event "Skakliga 2007-08"]
[Site "Denmark"]
[Date "2008.04.13"]
[Round "9.4"]
[White "Christensen, Stefan"]
[Black "Jorgensen, Michael"]
[Result "1/2-1/2"]
[WhiteElo "2308"]
[BlackElo "2217"]
[PlyCount "70"]
[EventDate "2007.11.10"]
[EventType "team-tourn"]
[EventRounds "9"]
[EventCountry "DEN"]
[Source "ChessBase"]
[SourceDate "2003.11.25"]
[WhiteTeam "Jetsmark"]
[BlackTeam "Helsingor"]
[WhiteTeamCountry "DEN"]
[BlackTeamCountry "DEN"]

1. e4 e6 2. d4 d5 3. Nc3 Bb4 4. e5 c5 5. a3 Bxc3+ 6. bxc3 Ne7 7. Qg4 Qc7 8.
Qxg7 Rg8 9. Qxh7 cxd4 10. Ne2 Nbc6 11. f4 Bd7 12. Qd3 dxc3 13. Rg1 O-O-O 14. g4
Kb8 15. Rb1 Ka8 16. h4 Bc8 17. Rg3 d4 18. Bg2 Nd5 19. g5 Nde7 20. h5 Nf5 21.
Rh3 Kb8 22. Ng3 Nxg3 23. Rxg3 b6 24. Qc4 Bb7 25. a4 Ne7 26. Qxc7+ Kxc7 27. Bxb7
Kxb7 28. Ke2 Rd5 29. Rb5 Rdd8 30. Kd3 a6 31. Rb4 Nf5 32. Rh3 Kc6 33. Rc4+ Kb7
34. Rb4 Kc6 35. Rc4+ Kb7 1/2-1/2

[Event "Skakliga 2007-08"]
[Site "Denmark"]
[Date "2008.04.13"]
[Round "9.5"]
[White "Larsen, Ole Bogh"]
[Black "Jensen, Bjarke"]
[Result "1-0"]
[WhiteElo "2235"]
[BlackElo "2252"]
[PlyCount "97"]
[EventDate "2007.11.10"]
[EventType "team-tourn"]
[EventRounds "9"]
[EventCountry "DEN"]
[Source "ChessBase"]
[SourceDate "2003.11.25"]
[WhiteTeam "Helsingor"]
[BlackTeam "Jetsmark"]
[WhiteTeamCountry "DEN"]
[BlackTeamCountry "DEN"]

1. e4 c5 2. Ne2 e6 3. Nbc3 Nc6 4. d3 d5 5. exd5 exd5 6. g3 d4 7. Ne4 f5 8. Ng5
h6 9. Nf3 Bd6 10. Bg2 Nf6 11. O-O O-O 12. c3 dxc3 13. bxc3 Be6 14. Re1 Qd7 15.
d4 Rad8 16. dxc5 Bxc5 17. Qxd7 Bxd7 18. Ned4 Ne4 19. Be3 Na5 20. Ne5 Bc8 21.
Nb3 Nxb3 22. axb3 Bxe3 23. Rxe3 Rfe8 24. f4 a6 25. Bxe4 fxe4 26. Rxe4 Rd2 27.
Rae1 Kh7 28. R4e2 Red8 29. Kf2 Be6 30. b4 b6 31. Ra1 Bc8 32. Nc4 Rxe2+ 33. Kxe2
a5 34. Nxb6 Bg4+ 35. Ke3 axb4 36. cxb4 Rb8 37. Ra6 Bh3 38. Nd5 Bg2 39. Rb6 Re8+
40. Kd4 Rd8 41. Rb5 Kg6 42. Ke5 Kh5 43. Ne3 Bf3 44. Rc5 Rd3 45. Ke6+ g5 46. Nd5
Kg4 47. f5 Kh3 48. f6 Bh5 49. Nf4+ 1-0

[Event "Skakliga 2007-08"]
[Site "Denmark"]
[Date "2008.04.13"]
[Round "9.6"]
[White "Helledie, Anders"]
[Black "Jensen, Ib"]
[Result "1-0"]
[WhiteElo "2121"]
[BlackElo "1930"]
[PlyCount "55"]
[EventDate "2007.11.10"]
[EventType "team-tourn"]
[EventRounds "9"]
[EventCountry "DEN"]
[Source "ChessBase"]
[SourceDate "2003.11.25"]
[WhiteTeam "Jetsmark"]
[BlackTeam "Helsingor"]
[WhiteTeamCountry "DEN"]
[BlackTeamCountry "DEN"]

1. e4 e5 2. Nf3 d6 3. d4 exd4 4. Nxd4 Nf6 5. Nc3 Be7 6. Bc4 O-O 7. f3 a6 8. a4
c5 9. Nde2 Nc6 10. Be3 Ne5 11. Ba2 Nh5 12. O-O Be6 13. Nd5 b5 14. axb5 axb5 15.
Nec3 b4 16. Nxe7+ Qxe7 17. Nd5 Qd8 18. Qd2 Rb8 19. Bg5 Qd7 20. g4 Nxf3+ 21.
Rxf3 Bxg4 22. Rf2 Bh3 23. Ne7+ Kh8 24. Nf5 f6 25. Bh4 Rbe8 26. Qd3 Bg4 27. Nxd6
g5 28. Nxe8 1-0

[Event "Skakliga 2007-08"]
[Site "Denmark"]
[Date "2008.04.13"]
[Round "9.7"]
[White "Molin, Claus"]
[Black "Rathlev, Jakob"]
[Result "0-1"]
[WhiteElo "1973"]
[BlackElo "2160"]
[PlyCount "80"]
[EventDate "2007.11.10"]
[EventType "team-tourn"]
[EventRounds "9"]
[EventCountry "DEN"]
[Source "ChessBase"]
[SourceDate "2003.11.25"]
[WhiteTeam "Helsingor"]
[BlackTeam "Jetsmark"]
[WhiteTeamCountry "DEN"]
[BlackTeamCountry "DEN"]

1. d4 e6 2. Nf3 f5 3. c4 Nf6 4. Nc3 Bb4 5. Qb3 Qe7 6. Bf4 Bxc3+ 7. Qxc3 d6 8.
e3 O-O 9. Bd3 b6 10. Bg5 Bb7 11. Qc2 Nbd7 12. O-O-O h6 13. Bh4 Qf7 14. Nd2 Bxg2
15. Rhg1 Bb7 16. e4 fxe4 17. Be2 c5 18. Bxf6 Nxf6 19. dxc5 bxc5 20. Rg3 Kh8 21.
Rdg1 Rg8 22. Kb1 Rac8 23. Nf1 d5 24. cxd5 exd5 25. Ne3 Qd7 26. Rg6 d4 27. Bg4
Nxg4 28. Nxg4 Rc6 29. Ne5 Rxg6 30. Nxg6+ Kh7 31. Qxc5 e3 32. Nf8+ Rxf8 33. Qxf8
e2 34. Qb4 Qf5+ 35. Kc1 Qxf2 36. Re1 Be4 37. Qd2 d3 38. h3 Qg3 39. b4 Qxh3 40.
Kb2 Qg3 0-1

[Event "Skakliga 2007-08"]
[Site "Denmark"]
[Date "2008.04.13"]
[Round "9.8"]
[White "Rasmussen, Henning Lau"]
[Black "Petersen, Aage"]
[Result "1-0"]
[WhiteElo "2104"]
[BlackElo "1929"]
[PlyCount "61"]
[EventDate "2007.11.10"]
[EventType "team-tourn"]
[EventRounds "9"]
[EventCountry "DEN"]
[Source "ChessBase"]
[SourceDate "2003.11.25"]
[WhiteTeam "Jetsmark"]
[BlackTeam "Helsingor"]
[WhiteTeamCountry "DEN"]
[BlackTeamCountry "DEN"]

1. d4 d5 2. Nf3 Nf6 3. c4 c6 4. Nc3 e6 5. g3 Nbd7 6. Bg2 dxc4 7. a4 Bb4 8. O-O
O-O 9. Qc2 a5 10. Na2 Bd6 11. Qxc4 e5 12. Nc3 Nb6 13. Qd3 exd4 14. Nxd4 Be5 15.
Rd1 Bg4 16. h3 Bxd4 17. Qxd4 Qxd4 18. Rxd4 Be6 19. b4 Nbd5 20. Nxd5 Nxd5 21.
bxa5 Nc3 22. Kf1 Rfd8 23. Be3 Bd5 24. Bxd5 Rxd5 25. Rc4 Nd1 26. Bd4 Nxf2 27.
Bxf2 Raxa5 28. Rb1 Rd7 29. Rxc6 h6 30. Rc4 Rad5 31. e3 1-0

[Event "Skakliga 2007-08"]
[Site "Denmark"]
[Date "2008.04.13"]
[Round "9.1"]
[White "Teplyi, Igor"]
[Black "Hillarp Persson, Tiger"]
[Result "0-1"]
[WhiteElo "2233"]
[BlackElo "2568"]
[PlyCount "70"]
[EventDate "2007.11.10"]
[EventType "team-tourn"]
[EventRounds "9"]
[EventCountry "DEN"]
[Source "ChessBase"]
[SourceDate "2003.11.25"]
[WhiteTeam "Nordre"]
[BlackTeam "Bronshoj"]
[WhiteTeamCountry "DEN"]
[BlackTeamCountry "DEN"]

1. d4 g6 2. c4 Bg7 3. Nc3 d6 4. Nf3 Nf6 5. e4 O-O 6. Be2 Bg4 7. Be3 Nfd7 8. Ng1
Bxe2 9. Ngxe2 c5 10. d5 Na6 11. f4 Nc7 12. O-O a6 13. a4 b6 14. Qd3 Rb8 15.
Rae1 Qc8 16. Bd2 b5 17. axb5 axb5 18. b3 bxc4 19. bxc4 Rb3 20. Rb1 Rb6 21. Qh3
Rb4 22. Nb5 Nxb5 23. cxb5 Rxe4 24. Qd3 Ra4 25. b6 Qa6 26. Qxa6 Rxa6 27. b7 Rb8
28. Rb5 Ra2 29. Ba5 Rxe2 30. Bc7 Bd4+ 31. Kh1 Re8 32. Rfb1 Ra2 33. Ra5 Rxa5 34.
Bxa5 c4 35. Rc1 Rb8 0-1

[Event "Skakliga 2007-08"]
[Site "Denmark"]
[Date "2008.04.13"]
[Round "9.2"]
[White "Hoi, Carsten"]
[Black "Wiwe, Andreas"]
[Result "0-1"]
[WhiteElo "2409"]
[BlackElo "2169"]
[PlyCount "178"]
[EventDate "2007.11.10"]
[EventType "team-tourn"]
[EventRounds "9"]
[EventCountry "DEN"]
[Source "ChessBase"]
[SourceDate "2003.11.25"]
[WhiteTeam "Bronshoj"]
[BlackTeam "Nordre"]
[WhiteTeamCountry "DEN"]
[BlackTeamCountry "DEN"]

1. d4 d5 2. Nf3 Nf6 3. c4 dxc4 4. e3 e6 5. Bxc4 c5 6. O-O a6 7. Nc3 b5 8. Bb3
Bb7 9. Qe2 Nbd7 10. Rd1 Qb8 11. e4 cxd4 12. Nd5 exd5 13. exd5+ Be7 14. Nxd4 Qe5
15. Qxe5 Nxe5 16. Re1 Nd3 17. Re3 Nxc1 18. Rxc1 Nxd5 19. Bxd5 Bxd5 20. Rc7 O-O
21. Rexe7 Bxa2 22. f3 h6 23. Kf2 Rad8 24. Ke3 Rd6 25. Rcd7 Rd8 26. Rxd8+ Rxd8
27. Ra7 Rd6 28. Nxb5 Re6+ 29. Kd2 Rb6 30. Nd4 Rxb2+ 31. Ke3 Rxg2 32. h4 Bc4 33.
Rc7 Ba2 34. Ra7 Rg6 35. f4 Rb6 36. f5 Bd5 37. Rd7 Bh1 38. Rd8+ Kh7 39. Rd7 Rb7
40. Rd6 Ra7 41. f6 gxf6 42. Nf5 a5 43. Ng3 Bg2 44. Nh5 a4 45. Rd4 Bh3 46. Rd1
f5 47. Nf6+ Kg7 48. Nd5 a3 49. Ra1 Bg2 50. Nc3 Bc6 51. Nb1 Ra4 52. Rxa3 Rxh4
53. Ra6 f4+ 54. Kd4 Bg2 55. Nc3 Rg4 56. Ke5 h5 57. Ne4 Bxe4 58. Kxe4 f6 59. Kf3
Kg6 60. Ra5 Rg5 61. Ra8 Rb5 62. Kxf4 Rb4+ 63. Kg3 Kg5 64. Rg8+ Kf5 65. Ra8 Rb3+
66. Kh4 Rb4+ 67. Kg3 h4+ 68. Kh3 Kf4 69. Kxh4 f5 70. Kh3 Rb2 71. Ra4+ Kf3 72.
Ra3+ Kf2 73. Kh4 Rb4+ 74. Kh3 Re4 75. Ra2+ Kf3 76. Ra3+ Re3 77. Ra4 f4 78. Kh2
Re4 79. Ra3+ Kf2 80. Ra2+ Re2 81. Ra3 Rd2 82. Rb3 Ra2 83. Kh3 f3 84. Kg4 Ra4+
85. Kh3 Rc4 86. Rb7 Rc2 87. Rb3 Rd2 88. Ra3 Ke2 89. Ra1 Kf2 0-1

[Event "Skakliga 2007-08"]
[Site "Denmark"]
[Date "2008.04.13"]
[Round "9.3"]
[White "Petersen, Tom Petri"]
[Black "Bromann, Thorbjorn"]
[Result "1/2-1/2"]
[WhiteElo "2286"]
[BlackElo "2430"]
[PlyCount "96"]
[EventDate "2007.11.10"]
[EventType "team-tourn"]
[EventRounds "9"]
[EventCountry "DEN"]
[Source "ChessBase"]
[SourceDate "2003.11.25"]
[WhiteTeam "Nordre"]
[BlackTeam "Bronshoj"]
[WhiteTeamCountry "DEN"]
[BlackTeamCountry "DEN"]

1. g3 e5 2. Bg2 Nf6 3. d3 d5 4. Nf3 Bd6 5. O-O O-O 6. Nbd2 Re8 7. e4 c6 8. b3
Bg4 9. Bb2 Qd7 10. Re1 d4 11. c3 dxc3 12. Bxc3 c5 13. Nc4 Nc6 14. Ne3 Rad8 15.
Nxg4 Qxg4 16. Qe2 Bc7 17. Rac1 Qd7 18. Red1 Qe7 19. Bf1 Qd6 20. Nh4 Ba5 21. Nf5
Qf8 22. Bb2 g6 23. Ne3 b5 24. Nc2 Bb6 25. a4 a6 26. axb5 axb5 27. Ra1 Qd6 28.
Na3 Na7 29. h4 Qe6 30. Qc2 Nd7 31. d4 exd4 32. Nxb5 Nxb5 33. Bxb5 Qxe4 34. Qxe4
Rxe4 35. Ra6 Re6 36. Bc4 Rd6 37. Re1 Bc7 38. Ra7 Bb8 39. Raa1 Nb6 40. Bd3 Re6
41. Rec1 Bd6 42. Ra5 Nd7 43. Bc4 Re7 44. Ba3 Ne5 45. Bxc5 d3 46. Bxd6 Rxd6 47.
Kg2 Kg7 48. Rd1 Nxc4 1/2-1/2

[Event "Skakliga 2007-08"]
[Site "Denmark"]
[Date "2008.04.13"]
[Round "9.4"]
[White "Brinck Claussen, Bjorn"]
[Black "Baekgaard, Martin"]
[Result "1/2-1/2"]
[WhiteElo "2292"]
[BlackElo "2231"]
[PlyCount "81"]
[EventDate "2007.11.10"]
[EventType "team-tourn"]
[EventRounds "9"]
[EventCountry "DEN"]
[Source "ChessBase"]
[SourceDate "2003.11.25"]
[WhiteTeam "Bronshoj"]
[BlackTeam "Nordre"]
[WhiteTeamCountry "DEN"]
[BlackTeamCountry "DEN"]

1. e4 d6 2. d4 Nf6 3. Nc3 Nbd7 4. Bc4 e5 5. Nf3 Be7 6. O-O O-O 7. Re1 c6 8. a4
b6 9. b3 Bb7 10. Ba3 Qc7 11. dxe5 Nxe5 12. Bf1 Rfe8 13. Nd4 Rad8 14. Nf5 Bf8
15. Qd2 Bc8 16. Qg5 Ng6 17. Bb2 Re5 18. f3 h6 19. Qg3 Bxf5 20. exf5 Rxf5 21.
Ne4 Nxe4 22. Rxe4 Qd7 23. a5 d5 24. Rg4 Bd6 25. Qf2 h5 26. Rxg6 fxg6 27. axb6
axb6 28. Qxb6 Bc7 29. Qf2 Qd6 30. g3 h4 31. Qd4 Qe5 32. f4 Qxd4+ 33. Bxd4 hxg3
34. hxg3 g5 35. Bh3 Rf6 36. Bxf6 gxf6 37. Be6+ Kf8 38. Ra6 Rd6 39. f5 d4 40.
Kf2 d3 41. cxd3 1/2-1/2

[Event "Skakliga 2007-08"]
[Site "Denmark"]
[Date "2008.04.13"]
[Round "9.5"]
[White "Hoiberg, Nina"]
[Black "Carstensen, Jacob"]
[Result "1/2-1/2"]
[WhiteElo "2183"]
[BlackElo "2300"]
[PlyCount "94"]
[EventDate "2007.11.10"]
[EventType "team-tourn"]
[EventRounds "9"]
[EventCountry "DEN"]
[Source "ChessBase"]
[SourceDate "2003.11.25"]
[WhiteTeam "Nordre"]
[BlackTeam "Bronshoj"]
[WhiteTeamCountry "DEN"]
[BlackTeamCountry "DEN"]

1. e4 c5 2. Nf3 d6 3. d4 cxd4 4. Qxd4 a6 5. Bg5 h6 6. Bh4 Nc6 7. Qd2 g5 8. Bg3
Bg7 9. Nc3 g4 10. Nh4 Qa5 11. Nd5 Qxd2+ 12. Kxd2 Rb8 13. c3 Nf6 14. f3 b5 15.
a4 gxf3 16. gxf3 Nxd5 17. exd5 Na5 18. Kc2 b4 19. Re1 Kd8 20. Re4 bxc3 21. b4
Nb7 22. Bxa6 Nc5 23. Bb5 Nxe4 24. fxe4 Rg8 25. Rf1 Bf6 26. Nf5 Bxf5 27. Rxf5
Rg4 28. Bxd6 Rg2+ 29. Kc1 exd6 30. Rxf6 Ke7 31. Rxh6 Rbg8 32. Rh3 Rb2 33. Rxc3
Rxh2 34. Rc2 Rh4 35. Re2 Rg3 36. a5 Rb3 37. a6 Rh1+ 38. Kc2 Rxb4 39. Bc6 Ra1
40. Bb7 Rb6 41. Kc3 Ra3+ 42. Kc4 Ra4+ 43. Kc3 Kf6 44. Rf2+ Ke5 45. Rxf7 Ra3+
46. Kc4 Ra4+ 47. Kc3 Ra3+ 1/2-1/2